LEADER 00846nam0-2200301 --450 001 9910502307203321 005 20211021153237.0 010 $a2870311311 100 $a20211021d1986----kmuy0itay5050 ba 101 0 $afre$agrc$alat 102 $aBE 105 $a 001yy 200 1 $aScripta varia$fJacques Heurgon$gavant-propos par Marcel Renard 210 $aBruxelles$cLatomus$d1986 215 $aX, 490 p., 23 carte di tav.$cill.$d25 cm 225 1 $aCollection Latomus$v191 610 0 $aEtruschi$aCiviltà 610 0 $aCiviltà latina 676 $a937$v23 700 1$aHeurgon,$bJacques$0173069 702 1$aRenard,$bMarcel 801 0$aIT$bUNINA$gREICAT$2UNIMARC 901 $aBK 912 $a9910502307203321 952 $aP2F LATOMUS 191$b485$fFLFBC 959 $aFLFBC 996 $aScripta varia$9917008 997 $aUNINA LEADER 01040nam a2200229Ia 4500 001 991004408821207536 005 20251203133755.0 008 251203s9999||||xx |||||||||||||| ||und|| 020 $a9788897848042 082 04$a746.09 245 10$aTessuti egiziani dall'età ellenistica al medioevo nelle Raccolte del Castello Sforzesco di Milano /$c[a cura di] Paolo Peri 246 10$aTessuti egiziani dall'età ellenistica al medioevo 260 $aPistoia :$bSettegiorni,$c2013 300 $a126 p. :$bill. ;$c28 cm 650 14$aMilano$xCiviche raccolte d'arte applicata e incisioni$xCataloghi 650 14$aStoffe copte$xEsposizioni$x2013 650 14$aStoffe$xEgitto$xSec. 3.-12 700 12$aPeri, Paolo 852 $hLE001 746.09 PER$oLE001N-20378$p2001000245000$g20$aLE001$mVM$t1$kloan$d22/10/2025$zPerformance 2026 - LE001 B.C. 017, 22/10/2025 - Doni/Cambi 2025-2026 912 $a991004408821207536 996 $aTessuti egiziani dall'età ellenistica al medioevo nelle Raccolte del Castello Sforzesco di Milano$94527748 997 $aUNISALENTO